Statistics for Sam Neill Movies

Click here to take the quiz!

General Stats

  • This quiz has been taken 5 times
  • The average score is 4 of 16

Answer Stats

Release YearCostarsMovie% Correct
1993Laura Dern, Jeff GoldblumJurassic Park
100%
2022Chris Pratt, Jeff GoldblumJurassic World: Dominion
100%
1993Holly Hunter, Harvey KeitelThe Piano
67%
1999Robin Williams, Oliver PlattBicentennial Man
33%
2013Sylvester Stallone, Arnold SchwarzeneggerEscape Plan
33%
1998Robert Redford, Scarlett JohanssonThe Horse Whisperer
33%
1990Sean Connery, Alec BaldwinThe Hunt For Red October
33%
2004Kirsten Dunst, Paul BettanyWimbledon
33%
2015Adrien Brody, Jenni BairsBacktrack
0%
2009Ethan Hawke, Willem DafoeDaybreakers
0%
1994Julie Carmen, David WarnerIn the Mouth of Madness
0%
2010Hugo WeavingLegend of the Guardians
0%
2018James Corden, Margot RobbiePeter Rabbit
0%
2018Liam Neeson, Jonathan BanksThe Commuter
0%
2011Willem Dafoe, Frances O'ConnorThe Hunter
0%
1994Jason Scott Lee, John CleeseThe Jungle Book
0%

Score Distribution

Percentile by Number Answered

Percent of People with Each Score

Your Score History

You have not taken this quiz